Normal view
MARC view
- Bhopal (Princely State)
Entry Geographic Name
001 - CONTROL NUMBER
- control field: 5568
003 - CONTROL NUMBER IDENTIFIER
- control field: NUST
005 - DATE AND TIME OF LATEST TRANSACTION
- control field: 20171023121133.0
008 - FIXED-LENGTH DATA ELEMENTS
- fixed length control field: 171023|| aca||aabn | a|a d
040 ## - CATALOGING SOURCE
- Original cataloging agency: NUST
- Transcribing agency: NUST
151 ## - HEADING--GEOGRAPHIC NAME
- Geographic name: Bhopal (Princely State)
- General subdivision: History.
670 ## - SOURCE DATA FOUND
- Source citation: Work cat.: (NUST)0: Ṣahbā Lakhnavī, 1919-2002. 5567, Iqbāl aur Bhūpāl /, 2000.
